| 000 | 00451cam a22001694a 4500 | ||
|---|---|---|---|
| 020 | _a0743222245 | ||
| 040 | _cCLE | ||
| 082 | _a973 SIM 2003 A100 Or. | ||
| 100 | 1 | _aClinton, Hillary Rodham. | |
| 245 | 1 | 0 | _aLiving history / |
| 260 |
_aNew York, NY : _bSimon & Schuster, _cc2003. |
||
| 300 |
_axi, 562 p., [32] p. of plates : _bill. ; _c24 cm. |
||
| 500 | _aIncludes index. | ||
| 650 | 0 | _aPresidents' spouses | |
| 650 | 0 | _aLegislators | |
| 942 | _cEK | ||
| 999 |
_c12823 _d12823 |
||